| 000 | 00642nam a2200217Ia 4500 | ||
|---|---|---|---|
| 005 | 20250508161213.0 | ||
| 008 | 008 250505s9999 xx 000 0 eng d | ||
| 037 | _aTextual | ||
| 040 |
_aFEDL _beng _cFEDL |
||
| 041 |
_aeng _2eng |
||
| 084 |
_a371.2, OTT _qFEDL |
||
| 100 |
_aOtto Henry J _993202 |
||
| 245 | 0 | _aElementary school organization and administration | |
| 250 | _a3rd | ||
| 260 |
_aNew York, USA _bAppleton-Century-Crofts _c1934 |
||
| 300 | _axvii,719p. | ||
| 490 | _aAppleton-Century Series In Administration | ||
| 650 | _aSchool Administration | ||
| 942 |
_cTEXL _h371.2, OTT |
||
| 999 |
_c1368876 _d1368876 |
||